000 00312nam a2200109Ia 4500
008 190907s9999||||xx |||||||||||||| ||und||
100 _aCook,Melissa A.
245 0 _aBuilding Enterprise Information Architectures:peengineering Information System
260 _aLondon
_bAddison
_c1996
300 _a193
942 _cBK
999 _c6474
_d6474